000 00739nam a22002652a 4500
001 6404
003 BD RJUL
005 20211208234234.0
008 110114s1966 xx 000 0 eng d
035 _aBD RJUL 6444
040 _aCWR
_cCWR
_dUKM
_dBD RJUL
_beng
041 _aeng
082 _a301.412
_218
_bHAD 1966
090 _aHQ21
_b.H37 1966
100 1 _aHays, H. R.
_q(Hoffman Reynolds),
_d1904-1980
_920168
245 1 4 _aThe dangerous sex :
_bthe myth of feminine evil /
_cby H.R. Hays.
260 _aLondon :
_bMethuen,
_c1966
300 _a315 p
_c22cm.
504 _aBibliography: p. 297-306
650 0 _aSex customs
_920169
650 0 _aWomen
_920170
942 _2ddc
_cBK
999 _c6404
_d6404